000 00610nam a22002297a 4500
003 UA-OsUOA
001 41093
007 ta
008 20080717b un ||||| |||| 00| 0 ukr d
100 _aСилницкий Франтишек
090 _a323.3
_bС36
942 _cBK
040 _aUA-OsUOA
_brus
_cUA-OsUOA
_dUA-OsUOA
245 _aНациональная политика КПСС в период с 1917 по 1922 год
300 _a314 с.
955 _a4
041 _arus
080 _a323.3
260 _b"Сучаснисть"
_c1978
650 7 _a32 Політика
_2UDC
999 _c439598
_d439598